| 000 | 00569nam a2200229Ia 4500 | ||
|---|---|---|---|
| 008 | 220204s9999 xx 000 0 und d | ||
| 082 |
_aNR:62:678.02 _bGUP;1 |
||
| 100 | _aGupta, R S | ||
| 245 | 0 | _aRubber processing and technology | |
| 260 |
_aDelhi _bSmall industry Research Institute _c1981 |
||
| 650 | _aBelting | ||
| 650 | _aChappals | ||
| 650 | _aHose | ||
| 650 | _aLatex foam | ||
| 650 | _aOil seals | ||
| 650 | _aRubber compounding | ||
| 650 | _aRubber machinery | ||
| 650 | _aTubes | ||
| 650 | _aTyre retreading | ||
| 650 | _aTyres | ||
| 942 | _cBK | ||
| 999 |
_c38807 _d38807 |
||